| 000 | 00706nam a22002537a 4500 | ||
|---|---|---|---|
| 003 | OSt | ||
| 005 | 20220107122811.0 | ||
| 008 | 160507b xxu||||| |||| 00| 0 eng d | ||
| 020 | _a9781439829370 | ||
| 040 | _cIIITMK | ||
| 082 | _a910.285 ZHA/S | ||
| 100 |
_aZhang, Jingxiong _99136 |
||
| 245 |
_aScale in spatial information and analysis _cJingxiong Zhang |
||
| 260 |
_aBoca Raton, _bCRC Press, _c2014. |
||
| 300 | _axiv, 353p. | ||
| 650 |
_aGIS _99137 |
||
| 650 |
_aGEOLOGY _99138 |
||
| 650 |
_aGEOSPATIAL DATA _99139 |
||
| 650 |
_aSPATIAL ANALYSIS _99140 |
||
| 650 |
_aSTATISTICAL METHODS _99176 |
||
| 700 |
_aAtkinson, Peter M. _99685 |
||
| 700 |
_aGoodchild, Michael F. _99142 |
||
| 942 |
_2ddc _cBK |
||
| 999 |
_c5109 _d5109 |
||